000 00801nam a22002297a 4500
005 20170124105937.0
010 _aA-940581
020 _c00.00
_a1897829345
035 _aA-940581
037 _bCen Lib/Ret
040 _aDPL
_bEN
082 _a355.02
_bVER
100 _aVerma, Ashok Kalyan
_910092
245 _aRivers of silence :
_cby Ashok Kalyan Verma
_bdisaster on River Nam Ka Chu, 1962 and the dash to Dhaka across River Meghna during 1971 /
260 _aNew Delhi
_bLancer Publishers
_c1998
270 _a56 Gautam Nagar
_bNew Delhi
_e110049
300 _ax, 221p.
_c24cm(Hb)
500 _aIncludes bibliographic references and index
650 _aSino-Indian Border Dispute--(1957- )
_910093
650 _aMilitary campaigns
_910094
942 _2ddc
_cEN
_h355.02
_mVER
999 _c124269
_d124269